Cisco Administrative Distance (AD) - Statistics

General Stats
  • This quiz has been taken 25 times
    22 since last reset
  • The average score is 10 of 11
Answer Stats
Answer Hint % Correct
1 Static Route
100%
20 External BGP
100%
90 EIGRP
100%
0 Connected Interface
94%
110 OSPF
94%
115 IS-IS
94%
120 RIP
94%
5 EIGRP Summary Route
94%
170 External EIGRP
81%
200 Internal BGP
81%
255 Unknown
75%
No matching quizzes found
Score Distribution
Percent of People with Each Score
Percentile by Number Answered
Your Score History
You have not taken this quiz since the last reset